FIFA World Cup 2026 - Group Stage Teams - Statistics

General Stats
  • This quiz has been taken 21 times
  • The average score is 37 of 48
Answer Stats
Confederation Answer % Correct
CONCACAF Mexico
100%
CONMEBOL Argentina
95%
CONMEBOL Brazil
95%
CONCACAF Canada
95%
UEFA France
95%
CONCACAF USA
95%
OFC Australia
89%
CAF Egypt
89%
UEFA England
89%
UEFA Portugal
89%
UEFA Spain
89%
CONMEBOL Colombia
84%
UEFA Germany
84%
AFC Japan
84%
OFC New Zealand
84%
UEFA Scotland
84%
CAF South Africa
84%
AFC South Korea
84%
CAF Algeria
79%
UEFA Austria
79%
UEFA Norway
79%
AFC Qatar
79%
UEFA UEFA Play-Off Winner A
79%
UEFA Croatia
74%
FIFA FIFA Play-Off Winner 2
74%
CAF Morocco
74%
UEFA Netherlands
74%
CONCACAF Panama
74%
CONMEBOL Paraguay
74%
UEFA Switzerland
74%
UEFA UEFA Play-Off Winner D
74%
CONMEBOL Uruguay
74%
UEFA Belgium
68%
CAF Ivory Coast
68%
AFC Saudi Arabia
68%
CAF Senegal
68%
CAF Cabo Verde
63%
CONCACAF Curaçao
63%
CONMEBOL Ecuador
63%
CAF Ghana
63%
CONCACAF Haïti
63%
AFC Iran
63%
CAF Tunisia
63%
UEFA UEFA Play-Off Winner C
63%
AFC Uzbekistan
63%
FIFA Fifa Play-Off Winner 3
58%
AFC Jordan
58%
FIFA FIFA Play-Off Winner 1
47%
No matching quizzes found
Score Distribution
Percent of People with Each Score
Percentile by Number Answered
Your Score History
You have not taken this quiz